[Event "TCh-AUT 2005-6"]
[Site "Austria AUT"]
[Date "2006.01.12"]
[Round "4"]
[White "Lazarev,V"]
[Black "Ribli,Z"]
[Result "1/2-1/2"]
[WhiteElo "2503"]
[BlackElo "2593"]

1.d4 d5 2.c4 e6 3.Nf3 Nf6 4.g3 Bb4+ 5.Bd2 Be7 6.Bg2 O-O 7.O-O c6 8.Qc2 b6
9.Bf4 Ba6 10.b3 Nbd7 11.Rd1 Rc8 12.Nc3  1/2-1/2

[Event "TCh-AUT 2005-6"]
[Site "Austria AUT"]
[Date "2006.01.13"]
[Round "5"]
[White "Ribli,Z"]
[Black "Srienz,C"]
[Result "1-0"]
[WhiteElo "2593"]
[BlackElo "2233"]

1.Nf3 Nf6 2.c4 c5 3.Nc3 Nc6 4.d4 cxd4 5.Nxd4 e6 6.g3 Qb6 7.Nb3 Bb4 8.Bg2 Ne5
9.Be3 Qd8 10.c5 Nc4 11.Qd4 Nxe3 12.Qxe3 d5 13.cxd6 O-O 14.O-O Qxd6 15.Rac1 Qa6
16.a3 Bxc3 17.Rxc3 Nd5 18.Bxd5 exd5 19.Nd4 Bh3 20.Rfc1 Qf6 21.Qf4 Qxf4 22.gxf4 Bd7
23.Rc5 Rac8 24.R1c3 Rxc5 25.Rxc5 Rc8 26.Rxd5 Bh3 27.f3 g6 28.Kf2 Rc1 29.Rd8+ Kg7
30.Rb8 Rc7 31.Nb5 Rd7 32.Nxa7 Kf6 33.Nb5 Be6 34.Nc3 Kf5 35.Kg3 Bc4 36.Rc8 Ba6
37.b4 b6 38.Rc6 Bb7 39.e4+  1-0

[Event "TCh-AUT 2005-6"]
[Site "Austria AUT"]
[Date "2006.01.14"]
[Round "6"]
[White "Pinter,J"]
[Black "Ribli,Z"]
[Result "1/2-1/2"]
[WhiteElo "2530"]
[BlackElo "2593"]

1.c4 c5 2.g3 Nc6 3.Bg2 g6 4.Nc3 Bg7 5.e3 e6 6.Nge2 Nge7 7.O-O O-O 8.d4 cxd4
9.Nxd4 d5 10.cxd5 Nxd5 11.Nxd5 Nxd4 12.exd4 exd5 13.Be3 Be6 14.Qd2 Qd7 15.Rac1 Rfc8
16.b3 b6  1/2-1/2

[Event "TCh-AUT 2005-6"]
[Site "Austria AUT"]
[Date "2006.01.15"]
[Round "7"]
[White "Ribli,Z"]
[Black "Buhmann,R"]
[Result "1/2-1/2"]
[WhiteElo "2593"]
[BlackElo "2546"]

1.Nf3 d5 2.d4 Nf6 3.c4 c6 4.Nc3 a6 5.e3 b5 6.b3 Bg4 7.Be2 e6 8.h3 Bh5 9.O-O Bd6
10.Bb2 O-O 11.a4 bxc4 12.bxc4 Nbd7 13.a5 Bb4 14.Qa4 Rb8 15.Rfc1 c5 16.cxd5 exd5
17.Ba3 Re8 18.dxc5 Nxc5 19.Qd1 Bxa3 20.Rxa3 Qd6 21.Ra2 Bg6  1/2-1/2

[Event "15th TCh-CRO"]
[Site "Sibenik CRO"]
[Date "2006.09.24"]
[Round "3"]
[White "Palac,M"]
[Black "Ribli,Z"]
[Result "1/2-1/2"]
[WhiteElo "2584"]
[BlackElo "2589"]

1.e4 c5 2.Nf3 e6 3.d4 cxd4 4.Nxd4 Nc6 5.Nc3 Qc7 6.Be2 a6 7.O-O Nf6 8.Be3 Bb4
9.Na4 Be7 10.Nxc6 bxc6 11.Nb6 Rb8 12.Nxc8 Qxc8 13.e5 Nd5 14.Bc1 Bc5 15.c4 Ne7
16.b3 Qc7 17.Bb2  1/2-1/2

[Event "15th TCh-CRO"]
[Site "Sibenik CRO"]
[Date "2006.09.25"]
[Round "4"]
[White "Ribli,Z"]
[Black "Bilobrk,F"]
[Result "1-0"]
[WhiteElo "2589"]
[BlackElo "2386"]

1.Nf3 Nf6 2.g3 b6 3.Bg2 Bb7 4.c4 c5 5.Nc3 e6 6.O-O Be7 7.d4 cxd4 8.Qxd4 d6
9.Bg5 a6 10.Bxf6 Bxf6 11.Qd3 Qc7 12.Rfd1 Be7 13.Ne4 Bxe4 14.Qxe4 Ra7 15.Nd4 O-O
16.b3 Rd8 17.h4 Bf6 18.e3 Qc8 19.Rd2 b5 20.cxb5 axb5 21.Rc2 Qd7 22.Rac1 d5
23.Qg4 b4 24.Bf1 Rb7 25.h5 h6 26.Rc5 Be5 27.Bd3 Qe8 28.Bb5 Qf8 29.Nxe6 fxe6
30.Qxe6+ Rf7 31.Qxe5 Rxf2 32.Rc8  1-0

[Event "15th TCh-CRO"]
[Site "Sibenik CRO"]
[Date "2006.09.26"]
[Round "5"]
[White "Lenic,L"]
[Black "Ribli,Z"]
[Result "1/2-1/2"]
[WhiteElo "2500"]
[BlackElo "2589"]

1.c4 c5 2.Nc3 g6 3.g3 Bg7 4.Bg2 Nc6 5.e3 e6 6.Nge2 Nge7 7.O-O O-O 8.d4 cxd4
9.exd4 d5 10.cxd5 Nxd5 11.Nxd5 exd5  1/2-1/2

[Event "15th TCh-CRO"]
[Site "Sibenik CRO"]
[Date "2006.09.27"]
[Round "6"]
[White "Ribli,Z"]
[Black "Hulak,K"]
[Result "1/2-1/2"]
[WhiteElo "2589"]
[BlackElo "2536"]

1.c4 c5 2.Nc3 Nc6 3.g3 g6 4.Bg2 Bg7 5.e3 e6 6.Nge2 Nge7 7.O-O O-O 8.d4 cxd4
9.Nxd4 d5 10.cxd5 Nxd4 11.exd4 Nxd5 12.Nxd5 exd5 13.Be3  1/2-1/2

[Event "15th TCh-CRO"]
[Site "Sibenik CRO"]
[Date "2006.09.29"]
[Round "8"]
[White "Saric,Iv"]
[Black "Ribli,Z"]
[Result "0-1"]
[WhiteElo "2394"]
[BlackElo "2589"]

1.e4 c5 2.Nf3 e6 3.d4 cxd4 4.Nxd4 a6 5.Nc3 Qc7 6.Be2 Nf6 7.O-O Be7 8.f4 d6
9.Be3 O-O 10.Kh1 b5 11.e5 dxe5 12.fxe5 Nfd7 13.Bf4 Bb7 14.Bf3 b4 15.Bxb7 Qxb7
16.Nce2 Nc6 17.Nxc6 Qxc6 18.Nd4 Qb6 19.Bg3 Rac8 20.b3 Nc5 21.Qg4 Rcd8 22.Rae1 h5
23.Qf4 Nd3 24.cxd3 Qxd4 25.Qf3 h4 26.Re4 Qxd3 27.Bxh4 Bxh4 28.Rxh4 a5 29.Qf2 Rd5
30.Rh3 Qd4 31.Qc2 g6 32.Rhf3 Qxe5 33.Rf6 Qg5 34.R6f2 Rc5 35.Qe2 Rc1 36.h3 Rxf1+
37.Rxf1 Rd8 38.Qf2 Qf5 39.Qe1 Qc5 40.Qh4 Rd5 41.Qg4 Kg7 42.Qh4 Rg5 43.Rf3 Qc1+
44.Kh2 Qd2 45.Rf2 Qd5 46.Rf3 Qe5+ 47.Kh1 Qa1+ 48.Kh2 Rd5 49.Re3 Rf5 50.Qe4 Rf2
51.Rg3 Rf1 52.Rg5 Rh1+ 53.Kg3 Qc3+ 54.Kh4 Rd1 55.g4 Rd3 56.Qe5+ Qxe5 57.Rxe5 f6  0-1

[Event "15th TCh-CRO"]
[Site "Sibenik CRO"]
[Date "2006.09.30"]
[Round "9"]
[White "Ribli,Z"]
[Black "Dizdarevic,E"]
[Result "1/2-1/2"]
[WhiteElo "2589"]
[BlackElo "2489"]

1.d4 d5 2.c4 dxc4 3.e3 Nf6 4.Nf3 e6 5.Bxc4 c5 6.O-O a6 7.dxc5 Qxd1 8.Rxd1 Bxc5
9.Nbd2 O-O 10.Nb3 Be7 11.Bd2 Nbd7 12.Na5 Nb6 13.Rac1 Nxc4  1/2-1/2

[Event "15th TCh-CRO"]
[Site "Sibenik CRO"]
[Date "2006.10.01"]
[Round "10"]
[White "Stohl,I"]
[Black "Ribli,Z"]
[Result "1/2-1/2"]
[WhiteElo "2558"]
[BlackElo "2589"]

1.Nf3 Nf6 2.c4 e6 3.g3 b6 4.Bg2 Bb7 5.O-O Be7 6.b3 O-O 7.Bb2 d5 8.e3 c5 9.Nc3 dxc4
10.bxc4 Nc6 11.Qe2 a6 12.Ne1 Ne8 13.f4 Nd6 14.g4 Qb8 15.a4 Na5 16.d3  1/2-1/2

[Event "TCh-AUT 2006-7"]
[Site "Graz AUT"]
[Date "2006.11.05"]
[Round "3"]
[White "Korneev,O"]
[Black "Ribli,Z"]
[Result "1/2-1/2"]
[WhiteElo "2657"]
[BlackElo "2584"]

1.e4 c5 2.Nf3 e6 3.d4 cxd4 4.Nxd4 Nc6 5.Nc3 a6 6.Nxc6 bxc6 7.Bd3 d5 8.O-O Nf6
9.Re1 Be7 10.e5 Nd7 11.Qg4 g6 12.Na4 Qa5 13.Bh6 Qb4 14.Qxb4 Bxb4 15.c3 Ba5
16.b4 Bc7 17.f4 a5 18.b5 Nb6 19.Nc5 Nd7  1/2-1/2

[Event "TCh-AUT 2006-7"]
[Site "Leoben AUT"]
[Date "2007.01.18"]
[Round "4"]
[White "Ribli,Z"]
[Black "Likavsky,T"]
[Result "0-1"]
[WhiteElo "2588"]
[BlackElo "2492"]

1.Nf3 Nf6 2.c4 e6 3.g3 d5 4.d4 dxc4 5.Bg2 Bb4+ 6.Bd2 a5 7.Qc2 Nc6 8.Qxc4 Qd5
9.Qxd5 exd5 10.Nc3 Bg4 11.e3 O-O 12.h3 Bf5 13.O-O Ne4 14.Rfc1 Nxc3 15.Bxc3 Bd6
16.Ne5 Ne7 17.a3 f6 18.Nf3 c6 19.Ne1 g5 20.Bf1 h5 21.b4 axb4 22.Bxb4 Nc8
23.Nd3 Bxd3 24.Bxd3 f5 25.Kf1 Kg7 26.Bc5 Kf6 27.a4 Ra5 28.Rab1 Rf7 29.Rb4 Rc7
30.Be2 g4 31.h4 Ke6 32.Bd3 Ne7 33.Ke2 Bxc5 34.dxc5 Ng6 35.Kd2 Ne5 36.Rf4 Rf7
37.Rb4 Rc7 38.Rf4 Rf7 39.Rb4 Ra7 40.Kc3 Rf8 41.Rcb1 Rf7 42.Kd2 Nf3+ 43.Kd1 Ne5
44.Kd2 Ng6 45.Bc2 Kf6 46.Rf1 Ra5 47.Rfb1 Ra7 48.Rf1 Ke5 49.f3 gxf3 50.Rxf3 Ke6
51.Rf1 Ne7 52.Rfb1 Ng8 53.Rf1 Nh6 54.Bd1 Rg7 55.Bxh5 Rxg3 56.Rfb1 Rg7 57.Ke2 Ng8
58.Bf3 Nf6 59.h5 Rh7 60.Rh4 Ra5 61.Rhb4 Ra7 62.Rh4 Ne4 63.Bxe4 dxe4  0-1

[Event "TCh-AUT 2006-7"]
[Site "Leoben AUT"]
[Date "2007.01.19"]
[Round "5"]
[White "Wukits,R"]
[Black "Ribli,Z"]
[Result "0-1"]
[WhiteElo "2298"]
[BlackElo "2588"]

1.d4 d5 2.c4 e6 3.Nc3 c6 4.Nf3 Nf6 5.Bg5 h6 6.Bh4 dxc4 7.e4 g5 8.Bg3 b5 9.Be2 Bb7
10.Qc2 Nbd7 11.h4 g4 12.Ne5 Rg8 13.Nxf7 Kxf7 14.e5 c5 15.exf6 Nxf6 16.dxc5 Bxc5
17.O-O Qb6 18.Rfe1 Bd6 19.Bxd6 Qxd6 20.Bf1 a6 21.Rad1 Qc5 22.b3 g3 23.bxc4 Rg4
24.Qe2 Re8 25.Rd3 gxf2+ 26.Qxf2 Qxf2+ 27.Kxf2 Rxc4 28.g3 Rec8  0-1

[Event "Bundesliga 2006-7"]
[Site "Tegernsee GER"]
[Date "2007.02.03"]
[Round "8"]
[White "Harikrishna,P"]
[Black "Ribli,Z"]
[Result "1/2-1/2"]
[WhiteElo "2673"]
[BlackElo "2588"]

1.d4 Nf6 2.c4 e6 3.Nc3 Bb4 4.e3 O-O 5.Ne2 d5 6.a3 Bd6 7.Ng3 c5 8.cxd5 cxd4
9.exd4 exd5 10.Be2 Nc6 11.O-O Be6 12.Be3 Rc8 13.Na4 Na5 14.Nc5 Bxc5 15.dxc5 d4
16.Bg5 Nb3 17.Ne4 Nxc5 18.Nxf6+ gxf6 19.Bh6 d3 20.Bf3 Re8 21.Rc1 Qd7 22.Qd2 Qd4
23.Rc3 Nb3 24.Qxd3 Qxd3 25.Rxd3 Bc4 26.Rc3 Bxf1 27.Bc6 Rxc6 28.Rg3+ Kh8 29.Bg7+ Kg8
30.Bh6+  1/2-1/2

[Event "TCh-AUT 2006-7"]
[Site "Mattersburg AUT"]
[Date "2007.03.08"]
[Round "8"]
[White "Horvath,Cs1"]
[Black "Ribli,Z"]
[Result "1/2-1/2"]
[WhiteElo "2538"]
[BlackElo "2588"]

1.d4 Nf6 2.c4 e6 3.Nf3 b6 4.g3 Bb7 5.Bg2 Be7 6.Nc3 Ne4 7.Bd2 Bf6 8.O-O O-O
9.Rc1 Nxd2 10.Qxd2 d6 11.d5 e5 12.b4 Nd7 13.e4 g6 14.h4  1/2-1/2

[Event "TCh-AUT 2006-7"]
[Site "Mattersburg AUT"]
[Date "2007.03.10"]
[Round "10"]
[White "Siebrecht,S"]
[Black "Ribli,Z"]
[Result "1/2-1/2"]
[WhiteElo "2457"]
[BlackElo "2588"]

1.d4 Nf6 2.Nf3 d5 3.c4 e6 4.Nc3 dxc4 5.e3 a6 6.a4 c5 7.Bxc4 Nc6 8.O-O Be7
9.Qe2 O-O 10.Rd1 Qc7 11.h3 Rd8 12.d5 exd5 13.Bxd5 Nb4 14.e4 Nfxd5 15.exd5 Bf5
16.Bf4 Bd6 17.Bxd6 Qxd6 18.Nh4 Bc2 19.Rd2 Re8 20.Qg4 h6 21.Nf5 Bxf5 22.Qxf5 Rad8
23.Rad1 Re5 24.Qg4 Rde8  1/2-1/2

[Event "Bundesliga 2006-7"]
[Site "Muelheim GER"]
[Date "2007.03.18"]
[Round "13"]
[White "Ribli,Z"]
[Black "Glek,I"]
[Result "1/2-1/2"]
[WhiteElo "2588"]
[BlackElo "2538"]

1.Nf3 Nf6 2.c4 g6 3.Nc3 Bg7 4.g3 c6 5.d4 d5 6.Qb3 O-O 7.Bg2 dxc4 8.Qxc4 Bf5
9.O-O Nbd7 10.Re1 Ne4 11.a4 a5 12.Qb3 Nb6 13.Bf4 Ra7 14.Rad1 Nxc3 15.bxc3 Be4
16.c4 Nd7 17.Rf1 b6 18.Qe3 Nf6 19.Ne5 Bxg2 20.Kxg2 Qa8 21.Qf3 Rc8 22.Rb1 Nd7
23.Nxd7 Rxd7 24.d5 cxd5 25.cxd5 Rc3 26.Be3 Rd6 27.Rb5 Bh6  1/2-1/2

[Event "Bundesliga 2006-7"]
[Site "Eppingen GER"]
[Date "2007.03.31"]
[Round "14"]
[White "Borriss,M"]
[Black "Ribli,Z"]
[Result "1/2-1/2"]
[WhiteElo "2463"]
[BlackElo "2588"]

1.e4 c5 2.Nf3 e6 3.d4 cxd4 4.Nxd4 a6 5.Nc3 Qc7 6.Bd3 Nc6 7.Be3 Nf6 8.O-O Ne5
9.Nf3 Neg4 10.Bd2 d6 11.a3 Be7 12.h3 Ne5 13.Nxe5 dxe5 14.b4 O-O 15.Qe2 Bd7
16.Nd1 Rfd8 17.c4 Bc6 18.Bc3 Nh5 19.g3 Nf6 20.Nb2 b6 21.Bc2 Bb7 22.Rfd1 h6
23.Rxd8+ Rxd8 24.Rd1 Rc8 25.f3 a5 26.Qe1 axb4 27.axb4 b5 28.Bd3 Ba6 29.cxb5 Bxb5
30.Bxb5 Qb6+ 31.Kg2 Qxb5 32.Nd3 Nd7 33.h4 Qc4 34.Bxe5 Qb3 35.Bd4 Rc2+ 36.Bf2 Qa2
37.Ra1 Qb3 38.Rd1 Nb6 39.Rd2  1/2-1/2

[Event "TCh-BIH"]
[Site "Vogosca BIH"]
[Date "2007.06.02"]
[Round "1"]
[White "Ribli,Z"]
[Black "Tadic,B"]
[Result "1-0"]
[WhiteElo "2580"]
[BlackElo "2504"]

1.Nf3 Nf6 2.c4 g6 3.Nc3 Bg7 4.g3 O-O 5.Bg2 c5 6.d4 d6 7.O-O Nc6 8.d5 Na5
9.Nd2 a6 10.Rb1 e5 11.dxe6 Bxe6 12.Nde4 Nxe4 13.Nxe4 Bxc4 14.b3 Bb5 15.Bg5 Qb6
16.a4 d5 17.Nxc5 h6 18.axb5 Qxc5 19.b4 Qc8 20.bxa5 hxg5 21.Qxd5 Qc3 22.b6 Rae8
23.Rfc1 Qa3 24.e3 Re5 25.Qxb7 Rxa5 26.Qd7 Rc5 27.Rd1 Be5 28.Qe7 Kg7 29.b7 a5
30.Bf1 a4  1-0

[Event "TCh-BIH"]
[Site "Vogosca BIH"]
[Date "2007.06.07"]
[Round "6"]
[White "Ribli,Z"]
[Black "Saric,Iv"]
[Result "1/2-1/2"]
[WhiteElo "2580"]
[BlackElo "2463"]

1.Nf3 Nf6 2.c4 g6 3.Nc3 Bg7 4.g3 O-O 5.Bg2 d6 6.O-O e5 7.d4 Nbd7 8.e4 a6
9.h3 b5 10.Qc2 c6 11.c5 exd4 12.Nxd4 Bb7 13.cxd6 c5 14.Nf3 b4 15.Nd5 Nxd5
16.exd5 Bxd5 17.Rd1 Bc6 18.Bg5 Bf6 19.h4 Rc8 20.Qd2 Re8 21.Rac1 a5 22.Qf4 Kg7
23.Bh3 Re4 24.Qd2 Re8 25.Qf4 Re4 26.Bxf6+ Nxf6 27.Qg5 Bd7 28.Bxd7  1/2-1/2

[Event "King's Tournament"]
[Site "Bazna ROM"]
[Date "2007.06.16"]
[Round "1"]
[White "Sokolov,And1"]
[Black "Ribli,Z"]
[Result "1/2-1/2"]
[WhiteElo "2584"]
[BlackElo "2580"]

1.e4 c5 2.Nf3 d6 3.d4 cxd4 4.Nxd4 Nf6 5.Nc3 a6 6.Be3 e5 7.Nf3 Be7 8.Bc4 O-O
9.O-O Nc6 10.Qe2 Na5 11.Bd5 Bd7 12.Ne1 Rc8 13.Nd3 Kh8 14.f3 Qc7 15.Nb4 Nc6
16.Nxc6 bxc6 17.Bb3 a5 18.f4 Ng4 19.Bd2 exf4 20.Bxf4 Ne5 21.Kh1 Bg4  1/2-1/2

[Event "King's Tournament"]
[Site "Bazna ROM"]
[Date "2007.06.17"]
[Round "2"]
[White "Ribli,Z"]
[Black "Beliavsky,A"]
[Result "1/2-1/2"]
[WhiteElo "2580"]
[BlackElo "2648"]

1.Nf3 Nf6 2.c4 c6 3.Nc3 d5 4.d4 dxc4 5.a4 Bf5 6.Ne5 Nbd7 7.Nxc4 Nb6 8.Ne5 a5
9.Bg5 h6 10.Bh4 e6 11.e4 Bh7 12.f3 Be7 13.Bf2 Nfd7 14.Nd3 O-O 15.Be2 Bd6
16.O-O Qc7 17.g3 e5 18.dxe5 Nxe5 19.Rc1 Nxd3 20.Qxd3 Qd8 21.Rfd1 Nc8 22.Nb1 Qe7
23.Na3 f5 24.exf5 Bxf5 25.Qe3 Qxe3 26.Bxe3 Be6 27.f4  1/2-1/2

[Event "King's Tournament"]
[Site "Bazna ROM"]
[Date "2007.06.26"]
[Round "11"]
[White "Ribli,Z"]
[Black "Andersson,U"]
[Result "1/2-1/2"]
[WhiteElo "2580"]
[BlackElo "2528"]

1.Nf3 c5 2.c4 g6 3.d4 cxd4 4.Nxd4 Nc6 5.e4 Nf6 6.Nc3 d6 7.Be2 Nxd4 8.Qxd4 Bg7
9.Be3 O-O 10.Qd2 Be6 11.Rc1 Qa5 12.f3 Rfc8 13.b3 a6 14.Na4 Qxd2+ 15.Kxd2 Nd7
16.g4 Kf8 17.h3 Rab8 18.Rhd1 f5 19.exf5 gxf5 20.Bd3 fxg4 21.fxg4 b5 22.Rf1+ Kg8
23.cxb5 Rxc1 24.Rxc1 axb5  1/2-1/2

[Event "TCh-AUT 1st Bundesliga 2007-8"]
[Site "Baden AUT"]
[Date "2007.11.30"]
[Round "1"]
[White "Buhmann,R"]
[Black "Ribli,Z"]
[Result "1-0"]
[WhiteElo "2567"]
[BlackElo "2577"]

1.d4 Nf6 2.Nf3 d5 3.c4 e6 4.Nc3 dxc4 5.e4 Bb4 6.Bg5 c5 7.e5 cxd4 8.Qa4+ Nc6
9.O-O-O Bd7 10.Ne4 Be7 11.exf6 gxf6 12.Bh4 Rc8 13.Kb1 Na5 14.Qc2 e5 15.Nxd4 exd4
16.Rxd4 Qb6 17.Rd6 Rc6 18.Rxc6 Qxc6 19.Be2 f5 20.Bxe7 Qxe4 21.Bf6 Rg8 22.Bf3 Qxc2+
23.Kxc2 Rg6 24.Re1+ Kf8 25.Be7+ Kg8 26.Bc5 b6 27.Re7 Bc6 28.Rxa7 Bxf3 29.gxf3 Nc6
30.Ra8+ Kg7 31.Bf8+ Kf6 32.Kc3 b5 33.Ra6 Kg5 34.Rb6 Re6 35.Rxb5 Ne5 36.Rxe5  1-0

[Event "TCh-AUT 1st Bundesliga 2007-8"]
[Site "Jenbach AUT"]
[Date "2008.01.11"]
[Round "5"]
[White "Babula,V"]
[Black "Ribli,Z"]
[Result "1-0"]
[WhiteElo "2594"]
[BlackElo "2577"]

1.d4 d5 2.c4 c6 3.Nf3 Nf6 4.Nc3 dxc4 5.a4 Bf5 6.Ne5 Nbd7 7.Nxc4 Qc7 8.g3 e5
9.dxe5 Nxe5 10.Bf4 Nfd7 11.Bg2 f6 12.O-O Nc5 13.Ne3 Bg6 14.b4 Ne6 15.Qb3 Bf7
16.Qb1 Nxf4 17.gxf4 Ng6 18.b5 Qxf4 19.Rd1 Bd6 20.Rxd6 Qxd6 21.bxc6 O-O 22.cxb7 Rab8
23.Nb5 Qb6 24.a5 Qa6 25.Nc7 Qxe2 26.Qb5 Nf4 27.Qxe2 Nxe2+ 28.Kf1 Nf4 29.Be4 f5
30.Bc6 Ng6 31.Rc1 Ne5 32.a6 f4 33.Ned5 Rfd8 34.Ba4 g5 35.Bb3 Kg7 36.Rc3 Rd6
37.Ne7 Rb6 38.Nf5+ Kf6 39.Bxf7 Kxf7 40.Nd4 Rd8 41.Nce6 Rdd6 42.Rc8 Rb1+ 43.Kg2 f3+
44.Kh3 g4+ 45.Kh4 Rdb6 46.Nd8+ Kf6 47.N8c6 Rxa6 48.Rf8+ Kg7 49.Ne6+ Kh6 50.Nxe5  1-0

[Event "TCh-AUT 1st Bundesliga 2007-8"]
[Site "Jenbach AUT"]
[Date "2008.01.13"]
[Round "7"]
[White "Meszaros,T"]
[Black "Ribli,Z"]
[Result "0-1"]
[WhiteElo "2437"]
[BlackElo "2577"]

1.e4 c5 2.Nf3 d6 3.d4 cxd4 4.Nxd4 Nf6 5.Nc3 e6 6.Be2 Be7 7.O-O O-O 8.f4 Nc6
9.Be3 a6 10.a4 Bd7 11.Nb3 Na5 12.e5 Ne8 13.Ne4 Nxb3 14.cxb3 Bc6 15.Bd3 dxe5
16.fxe5 Qd5 17.Bc2 Qxe5 18.Bf4 Qa5 19.Qd3 Bxe4 20.Qxe4 Nf6 21.Qe2 Rac8 22.Rac1 Nd5
23.Bd2 Qd8 24.Qe4 g6 25.Bh6 Bg5 26.Bxg5 Qxg5 27.Rce1 Nf6 28.Qe2 Rfd8 29.Be4 Rc7
30.Qf3 Nxe4 31.Rxe4 Rdd7 32.Rf4 Qd5 33.Qh3 Rc2 34.R4f3 Rxb2 35.Qg3 Rd2 36.Qb8+ Kg7  0-1

[Event "TCh-AUT 1st Bundesliga 2007-8"]
[Site "Graz AUT"]
[Date "2008.03.14"]
[Round "9"]
[White "Ribli,Z"]
[Black "Rotstein,A"]
[Result "1/2-1/2"]
[WhiteElo "2577"]
[BlackElo "2548"]

1.Nf3 Nf6 2.c4 b6 3.Nc3 Bb7 4.d4 e6 5.a3 d5 6.cxd5 Nxd5 7.e3 g6 8.Bb5+ c6
9.Bc4 Bg7 10.O-O O-O 11.e4 Nxc3 12.bxc3 c5 13.Bg5 Qd6 14.Re1  1/2-1/2

[Event "TCh-AUT 1st Bundesliga 2007-8"]
[Site "Graz AUT"]
[Date "2008.03.15"]
[Round "10"]
[White "Ruck,R1"]
[Black "Ribli,Z"]
[Result "1/2-1/2"]
[WhiteElo "2572"]
[BlackElo "2577"]

1.c4 c5 2.g3 Nc6 3.Bg2 g6 4.Nc3 Bg7 5.Nf3 e6 6.e3 Nge7 7.d4 cxd4 8.Nxd4 O-O
9.O-O d5 10.cxd5 Nxd5 11.Nxd5 Nxd4 12.exd4 exd5 13.Be3 Be6 14.Qd2 Qd7 15.Rac1 Rac8
16.h4  1/2-1/2

[Event "17th CRO-chT 1a"]
[Site "Sibenik CRO"]
[Date "2008.09.28"]
[Round "2"]
[White "Horvath,Cs1"]
[Black "Ribli,Z"]
[Result "1/2-1/2"]
[WhiteElo "2537"]
[BlackElo "2577"]

1.d4 Nf6 2.Nf3 e6 3.c4 d5 4.Nc3 dxc4 5.e4 Bb4 6.Bg5 c5 7.Bxc4 cxd4 8.Nxd4 Bxc3+
9.bxc3 Qa5 10.Bxf6 Qxc3+ 11.Kf1 gxf6 12.Rc1 Qa5 13.Bb5+ Ke7 14.e5 fxe5 15.Qh5 Nd7
16.Qg5+ Kf8 17.Rxc8+ Rxc8 18.Bxd7 Qd8 19.Nxe6+ fxe6 20.Qh6+ Ke7 21.Qxe6+ Kf8
22.Qh6+ Ke7 23.Qe6+ Kf8 24.Qh6+  1/2-1/2

[Event "17th CRO-chT 1a"]
[Site "Sibenik CRO"]
[Date "2008.09.29"]
[Round "3"]
[White "Ribli,Z"]
[Black "Komljenovic,D"]
[Result "1-0"]
[WhiteElo "2577"]
[BlackElo "2452"]

1.Nf3 Nf6 2.c4 g6 3.Nc3 Bg7 4.g3 O-O 5.Bg2 c6 6.d4 d5 7.Qb3 Qb6 8.O-O Rd8
9.h3 Bf5 10.Bf4 dxc4 11.Qxc4 Qxb2 12.Ng5 e6 13.e4 Nxe4 14.Ncxe4 h6 15.Nxf7 Rxd4
16.Qc5 Bxe4 17.Qe7 Bxg2 18.Kxg2 Qb4 19.Bd6 Qb5 20.Rae1 Qd5+ 21.Kh2 Na6 22.Rxe6 Qf5
23.Nxh6+ Bxh6 24.Rf6 Qh5 25.Be5 Re4 26.Qe6+ Kh7 27.Rf7+ Bg7 28.Rxg7+ Kh6
29.Rh7+ Kxh7 30.Qf7+ Kh6 31.Bg7+ Kh7 32.Bf6+  1-0

[Event "TCh-SLO"]
[Site "Murska Sobota SLO"]
[Date "2008.12.06"]
[Round "1"]
[White "Ribli,Z"]
[Black "Sedlak,N"]
[Result "1/2-1/2"]
[WhiteElo "2577"]
[BlackElo "2553"]

1.Nf3 d5 2.d4 e6 3.c4 c6 4.Qc2 Nf6 5.Bg5 dxc4 6.Qxc4 b5 7.Qc2 Bb7 8.Nc3 Nbd7
9.e3 a6 10.a4 b4 11.Ne4 c5 12.Bxf6 gxf6 13.Nxc5 Nxc5 14.dxc5 Rc8 15.Bd3 Bxc5
16.Qe2 Qa5 17.O-O  1/2-1/2

[Event "TCh-SLO"]
[Site "Murska Sobota SLO"]
[Date "2008.12.07"]
[Round "2"]
[White "Krstic,U"]
[Black "Ribli,Z"]
[Result "0-1"]
[WhiteElo "2379"]
[BlackElo "2577"]

1.e4 c5 2.Nf3 e6 3.d4 cxd4 4.Nxd4 a6 5.Be2 Nf6 6.Nd2 Qc7 7.O-O d6 8.Kh1 e5
9.Nf5 d5 10.f4 exf4 11.Bd3 Bxf5 12.exf5 Nc6 13.Qe1+ Be7 14.Nb3 O-O-O 15.Bxf4 Bd6
16.Qh4 Rhe8 17.Bxd6 Qxd6 18.Qg5 Ne5 19.Rae1 Nfg4 20.Qh4 g5 21.Qg3 h5 22.h4  0-1

[Event "TCh-SLO"]
[Site "Murska Sobota SLO"]
[Date "2008.12.13"]
[Round "8"]
[White "Lenic,L"]
[Black "Ribli,Z"]
[Result "1/2-1/2"]
[WhiteElo "2569"]
[BlackElo "2577"]

1.d4 d5 2.c4 e6 3.Nc3 c6 4.cxd5 exd5 5.Qc2 Na6 6.a3 Nc7 7.Nf3 Nf6 8.Bg5 Be7
9.e3 Ne6 10.Bh4 O-O 11.Bd3 g6 12.h3 Re8 13.O-O Ng7 14.b4  1/2-1/2

[Event "TCh-AUT 1st Bundesliga 2008-9"]
[Site "Ansfelden AUT"]
[Date "2009.03.19"]
[Round "8"]
[White "Hoelzl,F"]
[Black "Ribli,Z"]
[Result "1/2-1/2"]
[WhiteElo "2356"]
[BlackElo "2577"]

1.d4 d5 2.c4 e6 3.Nf3 Nf6 4.g3 Bb4+ 5.Bd2 Be7 6.Bg2 c6 7.Qc2 O-O 8.O-O b6
9.Bf4 Ba6 10.Nbd2 Nbd7 11.Rfc1 Nh5 12.Be3 Rc8 13.Qd1 f5 14.cxd5 exd5 15.Nb1 Kh8
16.Nc3 Bd6 17.Qa4 Nb8 18.Bg5 Qe8 19.e3 b5 20.Qd1 Nd7 21.a3 Nhf6  1/2-1/2

[Event "TCh-AUT 1st Bundesliga 2008-9"]
[Site "Ansfelden AUT"]
[Date "2009.03.21"]
[Round "10"]
[White "Ribli,Z"]
[Black "Schmittdiel,E"]
[Result "1/2-1/2"]
[WhiteElo "2577"]
[BlackElo "2438"]

1.Nf3 c5 2.c4 Nc6 3.d4 cxd4 4.Nxd4 Nf6 5.Nc3 e6 6.a3 d5 7.cxd5 Nxd5 8.Nxc6 bxc6
9.Qc2 Be7 10.Bd2 O-O 11.e4 Nxc3 12.Bxc3 Qb6 13.Rd1 Ba6 14.Bxa6 Qxa6 15.Rd7 Bf6
16.Bxf6 gxf6 17.Qc3 Rfd8 18.Qg3+ Kf8 19.Qd6+ Kg7 20.Qxe6 Rxd7 21.Qxd7 Qc4
22.Qg4+ Kh8 23.Qe2 Qc1+ 24.Qd1 Qxb2 25.O-O Qxa3 26.Qd7 Kg7 27.Qxc6 Rd8 28.h3 Rd4  1/2-1/2

[Event "TCh-AUT 1st Bundesliga 2008-9"]
[Site "Ansfelden AUT"]
[Date "2009.03.22"]
[Round "11"]
[White "Stangl,M"]
[Black "Ribli,Z"]
[Result "1/2-1/2"]
[WhiteElo "2458"]
[BlackElo "2577"]

1.Nf3 Nf6 2.c4 e6 3.g3 d5 4.Bg2 Be7 5.O-O O-O 6.d4 dxc4 7.Qc2 a6 8.a4 Bd7
9.Qxc4 Bc6 10.Bg5 Bd5 11.Qc2 Be4 12.Qb3 Bd5 13.Qc2  1/2-1/2

[Event "18th CRO-Cup"]
[Site "Sibenik CRO"]
[Date "2009.05.22"]
[Round "3"]
[White "Ribli,Z"]
[Black "Dizdar,G"]
[Result "1/2-1/2"]
[WhiteElo "2577"]
[BlackElo "2565"]

1.c4 e6 2.g3 d5 3.Bg2 Nf6 4.Nf3 Be7 5.O-O O-O 6.d4 c6 7.Qc2 Nbd7 8.Rd1 b6
9.b3 Ba6 10.Nbd2 c5 11.e4 Rc8 12.exd5 exd5 13.Bb2 Re8 14.Rac1 Bb7 15.Qb1 Rc7
16.dxc5 Bxc5 17.b4 Bf8 18.cxd5 Bxd5 19.a3 Rxc1 20.Rxc1 Qa8  1/2-1/2

[Event "18th TCh-CRO"]
[Site "Sibenik CRO"]
[Date "2009.09.22"]
[Round "2"]
[White "Ribli,Z"]
[Black "Abasov,N"]
[Result "1/2-1/2"]
[WhiteElo "2563"]
[BlackElo "2525"]

1.Nf3 Nf6 2.c4 e6 3.g3 d5 4.Bg2 Be7 5.O-O O-O 6.d4 dxc4 7.Qc2 a6 8.a4 c5
9.dxc5 Nc6 10.Nbd2 Bxc5 11.Nxc4 Qe7 12.Nfe5 Nxe5 13.Nxe5 Nd5 14.Bd2 Qc7 15.Nc4 Bd7
16.Rfc1 Rac8 17.Qb3 b5 18.axb5 axb5 19.Ne3 Nxe3 20.Bxe3 Qe5 21.Rxc5 Rxc5
22.Bxc5 Qxc5 23.Qd3 Bc6 24.b4 Qe5 25.Ra6 Bxg2 26.Kxg2 Qb8 27.Qd6 g6 28.Qxb8 Rxb8
29.Rc6 Kf8 30.Kf3 Ke7 31.Rc7+ Kf6 32.Ke4 Rd8 33.Rc5 Rb8 34.f4 h5 35.h3 Rb7
36.g4 hxg4 37.hxg4 Ke7 38.Ke5 f6+ 39.Kd4 Kd6 40.Rc8 g5 41.fxg5 fxg5 42.Rc5 Ra7
43.Rxb5 Ra2 44.Rb6+ Kd7 45.e4 Rg2 46.Ke5 Rxg4 47.b5 Rg1 48.Rd6+ Kc7 49.Kxe6 g4
50.e5 g3 51.Rd3 Rg2 52.Ke7 Re2 53.e6 g2 54.Rg3 Kb6 55.Rg5 Kc7 56.Kf7 Rf2+
57.Ke8 Re2 58.e7 Kb6 59.Kf7  1/2-1/2

[Event "TCh-AUT 2009-10"]
[Site "Jenbach AUT"]
[Date "2009.11.06"]
[Round "1"]
[White "Ribli,Z"]
[Black "Likavsky,T"]
[Result "1-0"]
[WhiteElo "2559"]
[BlackElo "2476"]

1.c4 e5 2.Nc3 d6 3.g3 g6 4.Bg2 Bg7 5.d3 f5 6.e4 Nc6 7.Nge2 Nf6 8.O-O O-O
9.Nd5 fxe4 10.dxe4 Bg4 11.f3 Be6 12.Be3 Qd7 13.Qd2 Rf7 14.Rad1 b6 15.b3 Raf8
16.Bg5 Ne8 17.h4 Bh3 18.Kh2 Bxg2 19.Kxg2 h5 20.b4 Kh7 21.Be3 Nd8 22.b5 c6
23.bxc6 Nxc6 24.Ng1 Kh8 25.Nh3 Rxf3 26.Rxf3 Rxf3 27.Kxf3 Qxh3 28.Qd3 Kh7
29.Bf2 Nd4+ 30.Bxd4 exd4 31.Nf4 Qg4+ 32.Kg2 Be5 33.Qe2 Qd7 34.Nd5 Nc7 35.Rf1 Nxd5
36.exd5 Kg7 37.Qf3 Qe7 38.Rf2 Qe8 39.g4 hxg4 40.Qxg4 d3 41.Rd2 Bf6 42.h5 g5
43.Rxd3 Qe5 44.Rf3 Qe2+ 45.Kh3 Qe1 46.h6+ Kg6 47.Rxf6+  1-0

[Event "TCh-AUT 2009-10"]
[Site "Jenbach AUT"]
[Date "2009.11.07"]
[Round "2"]
[White "Hagara,E"]
[Black "Ribli,Z"]
[Result "0-1"]
[WhiteElo "2383"]
[BlackElo "2559"]

1.e4 c5 2.Nf3 d6 3.d4 cxd4 4.Nxd4 Nf6 5.Nc3 a6 6.Be3 e6 7.Be2 Qc7 8.O-O b5
9.Bf3 Bb7 10.a3 Be7 11.g4 Nc6 12.g5 Nd7 13.Bg2 Nxd4 14.Qxd4 O-O 15.f4 e5
16.Qd2 exf4 17.Bxf4 Ne5 18.Kh1 Rac8 19.Bh3 Rce8 20.b3 Ng6 21.Be3 Bd8 22.Nd5 Bxd5
23.exd5 Qb7 24.c4 bxc4 25.bxc4 Qb3 26.Rfe1 Bxg5 27.Bxg5 Qxh3 28.c5 h6 29.Be3 Qf3+
30.Kg1 Re4  0-1